Sakti cult in ancient india : (Record no. 124221)

MARC details
000 -LEADER
fixed length control field 00732nam a22002297a 4500
005 - DATE AND TIME OF LATEST TRANSACTION
control field 20170124105936.0
010 ## - LIBRARY OF CONGRESS CONTROL NUMBER
LC control number 738107
020 ## - INTERNATIONAL STANDARD BOOK NUMBER
Terms of availability 00.00
035 ## - SYSTEM CONTROL NUMBER
System control number 738107
037 ## - SOURCE OF ACQUISITION
Source of stock number/acquisition Cen Lib/Ret
040 ## - CATALOGING SOURCE
Original cataloging agency DPL
Language of cataloging EN
082 ## - DEWEY DECIMAL CLASSIFICATION NUMBER
Classification number 235
Item number PUS
100 ## - MAIN ENTRY--PERSONAL NAME
Personal name Kumar, Pushpendra
9 (RLIN) 9833
245 ## - TITLE STATEMENT
Title Sakti cult in ancient india :
Statement of responsibility, etc by Pushpendra Kumar
Remainder of title with special reference to the puranic literature /
260 ## - PUBLICATION, DISTRIBUTION, ETC. (IMPRINT)
Place of publication, distribution, etc Varanasi
Name of publisher, distributor, etc Bharatiya Publishing House
Date of publication, distribution, etc 1974
270 ## - ADDRESS
Address B.9/45, Sonapura
City Varanasi
300 ## - PHYSICAL DESCRIPTION
Extent xviii,317p. :
Dimensions 21cm(Hb)
Other physical details ill
500 ## - GENERAL NOTE
General note Includes bibliographic references and index
650 ## - SUBJECT ADDED ENTRY--TOPICAL TERM
Topical term or geographic name as entry element Spiritual beings
9 (RLIN) 9834
650 ## - SUBJECT ADDED ENTRY--TOPICAL TERM
Topical term or geographic name as entry element Hindu religion
9 (RLIN) 9835
942 ## - ADDED ENTRY ELEMENTS (KOHA)
Source of classification or shelving scheme Dewey Decimal Classification
Koha item type English Books
Classification part 235
Call number suffix PUS
Holdings
Withdrawn status Lost status Damaged status Not for loan Home library Current library Date acquired Source of acquisition Cost, normal purchase price Total Checkouts Total Renewals Full call number Barcode Date last seen Date checked out Copy number Cost, replacement price Price effective from Koha item type
        Central Library Central Library 15/06/2015 Cen Lib/Ret 0.00 2 4 235 PUS 738107 22/06/2017 04/05/2017 1 0.00 15/06/2015 English Books

© Delhi Public Library
Hit Counter
free hit counter